Research ethics for human geography: A handbook for students (Record no. 1225408)

MARC details
000 -LEADER
fixed length control field 00679nam a2200217Ia 4500
005 - DATE AND TIME OF LATEST TRANSACTION
control field 20241129104327.0
008 - FIXED-LENGTH DATA ELEMENTS--GENERAL INFORMATION
fixed length control field 241129s9999||||xx |||||||||||||| ||und||
020 ## - INTERNATIONAL STANDARD BOOK NUMBER
International Standard Book Number 9781473981775
037 ## - SOURCE OF ACQUISITION
Stock number Textual
040 ## - CATALOGING SOURCE
Original cataloging agency RTL
Language of cataloging eng
Transcribing agency RTL
041 ## - LANGUAGE CODE
Language code of text/sound track or separate title eng
Source of code eng
084 ## - COLON CLASSIFICATION NUMBER
Classification number U47(R43) R0
Assigning agency RTL
100 ## - MAIN ENTRY--PERSONAL NAME
Personal name Wilson Helen F.; Darling Jonathan
9 (RLIN) 724820
245 #0 - TITLE STATEMENT
Title Research ethics for human geography: A handbook for students
Statement of responsibility, etc. Wilson Helen F.; Darling Jonathan
260 ## - PUBLICATION, DISTRIBUTION, ETC.
Place of publication, distribution, etc. New Delhi
Name of publisher, distributor, etc. Sage
Date of publication, distribution, etc. 2021
300 ## - PHYSICAL DESCRIPTION
Extent xxx,354p.
365 ## - TRADE PRICE
Price type code INR
Price amount 2625.74
650 ## - SUBJECT ADDED ENTRY--TOPICAL TERM
Topical term or geographic name entry element Research Ethics in Geography
9 (RLIN) 725775
942 ## - ADDED ENTRY ELEMENTS (KOHA)
Koha item type Textbook
Classification part U47(R43) R0
Holdings
Withdrawn status Lost status Damaged status Not for loan Home library Current library Date acquired Source of acquisition Cost, normal purchase price Inventory number Total Checkouts Total Renewals Full call number Barcode Date due Date last seen Date last checked out Price effective from Koha item type
        Ratan Tata Library Central Library 2024-11-29 R.K.Books 2625.74 2909 & 06/02/23 2 1 U47(R43) R0 RT1584873 2025-02-06 2025-02-04 2025-02-04 2024-11-29 Textbook
Copyright @ Delhi University Library System